00166nam a2200061Ia 4500245002300000100004000023008004100063 0aLight your candle  a SOMMER, Carl Houston, Tx, 2000 210819s9999 xx 000 0 und d